00208 a2200109 4500001000700000041000800007245001800015250001000033300001300043040002500056260001700081111794 apor10aComputador LG a. ed. a1 laptop aBR-BrIDEAcBR-BrIDEA a[S.l.]c2018